<?xml version="1.0" encoding="UTF-8"?>
<record
    xmlns:xsi="http://www.w3.org/2001/XMLSchema-instance"
    xsi:schemaLocation="http://www.loc.gov/MARC21/slim http://www.loc.gov/standards/marcxml/schema/MARC21slim.xsd"
    xmlns="http://www.loc.gov/MARC21/slim">

  <leader>04018nam a2200361 a 4500</leader>
  <controlfield tag="003">CHAP</controlfield>
  <controlfield tag="005">20250626123652.0</controlfield>
  <controlfield tag="007">ta</controlfield>
  <controlfield tag="008">250626s2001    mx ad||frm||| 001 0 spa d</controlfield>
  <datafield tag="040" ind1=" " ind2=" ">
    <subfield code="a">mxchpua</subfield>
    <subfield code="c">CHAP</subfield>
  </datafield>
  <datafield tag="041" ind1="0" ind2=" ">
    <subfield code="a">spa</subfield>
    <subfield code="b">eng</subfield>
  </datafield>
  <datafield tag="090" ind1=" " ind2=" ">
    <subfield code="a">Tesis</subfield>
    <subfield code="b">M67</subfield>
    <subfield code="c">2001</subfield>
  </datafield>
  <datafield tag="100" ind1="1" ind2=" ">
    <subfield code="a">Morales Gal&#xE1;n, Claudia</subfield>
  </datafield>
  <datafield tag="245" ind1="1" ind2="0">
    <subfield code="a">Relaci&#xF3;n entre dureza de endospermo, absorci&#xF3;n de calcio y textura de tortillas de ma&#xED;z (Zea mays L.) nixtamalizado /</subfield>
    <subfield code="c">Claudia Morales Gal&#xE1;n</subfield>
  </datafield>
  <datafield tag="264" ind1=" " ind2=" ">
    <subfield code="a">Chapingo. M&#xE9;xico :</subfield>
    <subfield code="b">El autor,</subfield>
    <subfield code="c">2001</subfield>
  </datafield>
  <datafield tag="300" ind1=" " ind2=" ">
    <subfield code="a">vi, 95 hojas :</subfield>
    <subfield code="b">ilustraciones, tablas, gr&#xE1;ficas</subfield>
  </datafield>
  <datafield tag="336" ind1=" " ind2=" ">
    <subfield code="2">rdacontent</subfield>
    <subfield code="a">texto</subfield>
    <subfield code="b">txt</subfield>
  </datafield>
  <datafield tag="337" ind1=" " ind2=" ">
    <subfield code="2">rdamedia</subfield>
    <subfield code="a">no mediado</subfield>
    <subfield code="b">n</subfield>
  </datafield>
  <datafield tag="338" ind1=" " ind2=" ">
    <subfield code="2">rdacarrier</subfield>
    <subfield code="a">volumen</subfield>
    <subfield code="b">nc</subfield>
  </datafield>
  <datafield tag="502" ind1=" " ind2=" ">
    <subfield code="a">Tesis</subfield>
    <subfield code="b">(Ingeniero Agroindustrial) --</subfield>
    <subfield code="c">UACh. Departamento de Ingenier&#xED;a Agroindustrial,</subfield>
    <subfield code="d">2001</subfield>
  </datafield>
  <datafield tag="504" ind1=" " ind2=" ">
    <subfield code="a">Bibliograf&#xED;a : hojas 77-87</subfield>
  </datafield>
  <datafield tag="520" ind1="3" ind2=" ">
    <subfield code="a">Los objetivos de esta investigaci&#xF3;n fueron: determinar la relaci&#xF3;n entre la textura de] endospermo del maiz, la absorci&#xF3;n de calcio durante la nixtamalizaci&#xF3;n y su correspondencia con 1a textura de la tortilla, asi como evaluar el efecto de la presencia del germen en las caracter&#xED;sticastexturales de la masa y las tortillas. Se estudiaron dos maices criollos: grano duro (MD)y muy suave(MMS). EI MMS es de grano grande y color blanco (87.3% de reflectancia), con un indice deflotaci&#xF3;n (IF) de 99.6 %, 11.6% de germen, 75.8 % de almidon, 4.4 % de grasay 0.045 de calcio. EIMD fue de color crema (61.6 %), IF de 35 %, 9.5 % de germen, 63.7 % de almid&#xF3;n, 4.1 % grasa y0.059 % de calcio. Los contenidos de calcio en el germen fueron de 0.093 % para MMS y 0.102 %para MD, al nixtamalizarlos, el germen tuvo 0.352 y 0.223 %, respectivamente. En endospermo ygermen, el ma&#xED;z MMS absorbi&#xF3; m&#xE1;s calcio que el ma&#xED;z MD.Las masas de grano entero de MMS
fueron mas viscosas y menos duras que las del MD. Estas caracteristicas se invirtieron en el granodesgerminado. EI MMS absorbi&#xF3; m&#xE1;s agua y calcio y proporcion&#xF3; tortillas con mejor textura,&#xE9;stema&#xED;z increment&#xF3; en 272 % la proporci&#xF3;n de calcio aloj&#xE1;ndose principalmente en germen. Fue posibleelaborar tortillas de nixtamal desgerminado pero, fueron duras, quebradizas y pobres en calcio.</subfield>
  </datafield>
  <datafield tag="520" ind1="3" ind2=" ">
    <subfield code="a">The objectives of this research were: to determine the relationships among the texture of the endosperm of maize, the absorption of calcium during the nixtamalization, and the corresponding texture of the maize, as well as to evaluate the effects of the presence of germ on the characteristic of the masa texture and the tortillas texture. Two kinds of native maize were studied: hard grain (HG) and very soft grain (SG). The SG is a big and white grain, 99.6% flotation index (FD); 87.3% of reflectance; 11.6% of germ; 75.8% of starch; 4.4% of oil and 0.045% of the calcium. The HG resulted in a cream color grain with a FI of 35%; 9.5 germ; 63.7% starch; 4.1% oil; and 0.059% calcium. The level of calcium of the germ was of 0.093% for the SG and of 0.102% for the HS. When nixtamalized, the germ had levels of 0.352 (SG) and 0.223%(HG). When the grain had endosperm and germ, the SG absorbed more calcium than the HS and the whole grain masa of the HSwas thicker than HS. This characteristics were opposite for the grain without germ. The SG absorbed more water and calcium and provided the tortillas with a better texture, this maize increased its level of calcium in 272%, which was located, mainly in the germ. It was possible to make tortillas of nixtamal without germ, but they were hard, calcium-low and brittle.</subfield>
  </datafield>
  <datafield tag="650" ind1="1" ind2="3">
    <subfield code="a">Tortillas (mexicanas)</subfield>
    <subfield code="2">atg</subfield>
    <subfield code="x">Propiedades rheol&#xF3;gicas</subfield>
  </datafield>
  <datafield tag="650" ind1="1" ind2="3">
    <subfield code="a">Nixtamalizacion</subfield>
    <subfield code="x">Ma&#xED;z</subfield>
    <subfield code="2">atg</subfield>
  </datafield>
  <datafield tag="650" ind1="1" ind2="3">
    <subfield code="a">Tortillas</subfield>
    <subfield code="2">atg</subfield>
    <subfield code="x">Rheological properties</subfield>
  </datafield>
  <datafield tag="650" ind1="1" ind2="3">
    <subfield code="a">Nixtamalization  </subfield>
    <subfield code="2">atg</subfield>
    <subfield code="x">Corn</subfield>
  </datafield>
  <datafield tag="700" ind1="1" ind2=" ">
    <subfield code="a">V&#xE1;zquez Carrillo, Ma. Gricelda</subfield>
    <subfield code="e">directora</subfield>
  </datafield>
  <datafield tag="700" ind1="1" ind2=" ">
    <subfield code="a">Castillo Merino, Joge</subfield>
    <subfield code="e">asesor</subfield>
  </datafield>
  <datafield tag="700" ind1="1" ind2=" ">
    <subfield code="a">Quintero Lizaola, Roberto</subfield>
    <subfield code="e">asesor</subfield>
  </datafield>
  <datafield tag="901" ind1=" " ind2=" ">
    <subfield code="a">TESIS M67 2001</subfield>
  </datafield>
  <datafield tag="942" ind1=" " ind2=" ">
    <subfield code="2">Clasificaci&#xF3;n Universidad Aut&#xF3;noma Chapingo</subfield>
    <subfield code="c">Tesis</subfield>
  </datafield>
  <datafield tag="999" ind1=" " ind2=" ">
    <subfield code="c">220696</subfield>
    <subfield code="d">220696</subfield>
  </datafield>
  <datafield tag="952" ind1=" " ind2=" ">
    <subfield code="0">0</subfield>
    <subfield code="1">0</subfield>
    <subfield code="2">local</subfield>
    <subfield code="4">0</subfield>
    <subfield code="5">1</subfield>
    <subfield code="7">0</subfield>
    <subfield code="8">TESIS</subfield>
    <subfield code="a">IA_</subfield>
    <subfield code="b">IA_</subfield>
    <subfield code="d">2025-06-26</subfield>
    <subfield code="e">El autor</subfield>
    <subfield code="l">0</subfield>
    <subfield code="o">Tesis M67 2001</subfield>
    <subfield code="p">1101015577</subfield>
    <subfield code="r">2026-02-02 00:00:00</subfield>
    <subfield code="t">Ej.1</subfield>
    <subfield code="w">2025-06-26</subfield>
    <subfield code="y">TESIS</subfield>
  </datafield>
  <datafield tag="952" ind1=" " ind2=" ">
    <subfield code="0">0</subfield>
    <subfield code="1">0</subfield>
    <subfield code="2">local</subfield>
    <subfield code="4">0</subfield>
    <subfield code="5">5</subfield>
    <subfield code="7">0</subfield>
    <subfield code="8">TESIS</subfield>
    <subfield code="a">IA_</subfield>
    <subfield code="b">IA_</subfield>
    <subfield code="d">2025-06-26</subfield>
    <subfield code="e">El autor</subfield>
    <subfield code="l">0</subfield>
    <subfield code="o">Tesis M67 2001</subfield>
    <subfield code="p">1101015578</subfield>
    <subfield code="r">2026-02-02 00:00:00</subfield>
    <subfield code="t">Ej.2</subfield>
    <subfield code="w">2025-06-26</subfield>
    <subfield code="y">TESIS</subfield>
  </datafield>
</record>
